00937 a2200169 450000500170000002000180001708200150003510001070005024500780015726000480023530000560028385601190033994200130045899900150047195201380048695201430062420250613142008.0 a81-219-2885-0 a658.72 BHA aBHATTACHARYYA, S. K.  aLogistics Management : Definition, Dimension and Functional Applications aNew Delhi,bS. Chand & Company Ltd,c2010. a416P.: Ill.; figure, picture, table.bIndex,c24cm. yAccess online bookfLogistics Management : Definition, Dimension and Functional Applicationsdwww.schandgroup.com 2ddccBKS c3051d3051 r2025-06-02 17:17:44l0o658. 72 BHAp00000010665v30000.00w2025-06-02yBKS102ddc407000aCBEMLbCBEMLcGENd2011-04-08g10000.00 r2025-06-13 14:17:44l0oLECT 658. 72 BHAp00000012979v30000.00w2025-06-13yBKS102ddc407000aCBEMLbCBEMLcGENd2011-04-08g10000.00